000 00590nam a2200181Ia 4500
008 100917s9999 xx 000 0 und d
082 _b12094
100 _aकाणेकर अनंत
245 _aनिवडक गणूकाका (आ. 2 री.)
260 _bकुलकर्णी ग्रंथागार
_c1970
300 _a84
365 _b2
520 _aनिबंध
630 _aनिवडक गणूकाका (आ. 2 री.)
650 _aनिबंध
730 _aनिवडक गणूकाका (आ. 2 री.)
942 _cBOOK
999 _c617488
_d617485